| 000 | 00426nam a22001697a 4500 | ||
|---|---|---|---|
| 999 |
_c524169 _d524169 |
||
| 003 | NUST | ||
| 038 | _aabdul basit | ||
| 082 |
_a297.15 _bQAZ |
||
| 100 |
_aQazi, Atta _914900 |
||
| 245 |
_aMafhoom ul quran / _cAtta Qazi |
||
| 260 |
_aSialkot : _bAdbi sabha, _c2004. |
||
| 300 | _a864 p. ; | ||
| 500 | _aHardcover. | ||
| 880 |
_6100-02\r _aعطا قاضی |
||
| 880 |
_6245-02\r _aمفہوم القرآن / |
||
| 942 |
_2ddc _cBK |
||